| 000 | 01750nam a2200289 i 4500 | ||
|---|---|---|---|
| 005 | 20250329165435.0 | ||
| 007 | ta | ||
| 008 | 190415s2021 000 0 eng d | ||
| 040 |
_aCO-CtgCURN _bspa _ccoctgcurn _erda |
||
| 082 | 0 |
_aENF 2021 _bT128 |
|
| 100 | 1 |
_aTaharon Beltran, Aracelys, _eauthor. _4aut |
|
| 245 | 1 | 0 |
_aDiversidad intercultural y aprendizaje en estudiantes de enfermeria de la Corporación Universitaria Rafael Núñez de Cartagena (Colombia) 2021 / _cAracelys Taharon Beltran; Julieth Margarita Velazques Llerena; Julianis Paola Rincón Carmona; directora Zorayda Barrios Puerta. |
| 260 |
_aCartagena de Indias : _bCorporación Universitaria Rafael Núñez, _c2021. |
||
| 300 | _a124 hojas. | ||
| 336 |
_atext _btxt _2rdacontent |
||
| 337 |
_aunmediated _bn _2rdamedia |
||
| 338 |
_avolume _bnc _2rdacarrier |
||
| 504 | _aTrabajo de grado (Enfermera). Corporación Universitaria Rafael Nuñez. Facultad de Ciencias de la Salud. Programa de Enfermería, 2021. | ||
| 520 | _a" Las sociedades actuales se caracterizan por la confluencia de personas con diversos orígenes, desde lo cual emerge la interculturalidad. Esta situación se presenta en contextos educativos, tal como en el que se forman los estudiantes de Enfermería" | ||
| 650 | 0 |
_aEnfermería _vTesis y disertaciones academicas. |
|
| 700 | 1 | _aVelázques Llerena, Julieth Margarita. | |
| 700 | 1 | _aRincón Carmona, Julianis Paola. | |
| 700 | 1 |
_aBarrios Puerta, Zorayda, _edirectora. |
|
| 856 |
_uhttps://unicurn.sharepoint.com/:b:/s/biblioteca/EZ0hkZCZB99Enf3897LxZSYBRDzw6dZTltyJtJ_U8Wi5tQ?e=lwjrXF _zClick aqui para ver el recurso en texto completo |
||
| 942 |
_2ddc _cTG _hENF 2021 _iT128 |
||
| 999 |
_c4079 _d4079 |
||